000 00492cam a2200181 a 4500
020 _a0442220693
040 _cDLC
082 0 0 _a363 VAN 1981 A073 Or.
100 1 _aReVelle, Penelope.
245 1 4 _aThe environment :
_bissues and choices for society /
260 _aNew York :
_bVan Nostrand,
_cc1981.
300 _axix, 762 p. :
_bill. ;
_c24 cm.
650 0 _aPollution.
650 0 _aEnvironmental protection.
650 0 _aHuman ecology.
700 1 _aReVelle, Charles.
942 _cEK
999 _c15156
_d15156